[Event "Dieren op"]
[Site "Dieren"]
[Date "2023.08.02"]
[Round "8"]
[White "Op den Dries, Johan"]
[Black "Koster, Chiel"]
[Result "1-0"]
[WhiteElo "2093"]
[BlackElo "2052"]
[PlyCount "101"]
[EventDate "2023.07.25"]
[EventType "swiss"]
[EventRounds "9"]
[EventCountry "NED"]
[SourceTitle "CBM 215 Extra"]
[Source "ChessBase"]
[SourceDate "2023.09.30"]
[SourceVersion "1"]
[SourceVersionDate "2023.09.30"]
[SourceQuality "1"]

1. e4 c5 2. Nc3 Nc6 3. f4 e6 4. Nf3 d5 5. d3 Nf6 6. Be2 dxe4 7. dxe4 Qxd1+ 8. Bxd1 Be7 9. 0-0 0-0 10. h3 b6 11. e5 Nd5 12. Nxd5 exd5 13. Re1 h5 14. Nd2 g6 15. c3 Be6 16. Bf3 Rae8 17. Nf1 Rd8 18. Rd1 Na5 19. b3 d4 20. c4 Bd7 21. Ng3 f6 22. Bd5+ Kg7 23. Bd2 fxe5 24. fxe5 Nc6 25. e6 Be8 26. Rf1 Rxf1+ 27. Rxf1 Bh4 28. Ne4 Ne7 29. g3 Nxd5 30. cxd5 Be7 31. d6 Rxd6 32. Nxd6 Bxd6 33. Bf4 Be7 34. Be5+ Kg8 35. Bf6 Bd6 36. e7 Kf7 37. g4 hxg4 38. hxg4 d3 39. Bh4+ Ke6 40. Rd1 Bf4 41. Rxd3 g5 42. Bg3 Bxg3 43. Rxg3 Kxe7 44. Re3+ Kf7 45. Re5 Bd7 46. Rxg5 Kf6 47. Rg8 a5 48. Kf2 b5 49. Ke3 Be6 50. Rb8 b4 51. Rb6 1-0

[Event "Dieren op"]
[Site "Dieren"]
[Date "2022.08.04"]
[Round "9"]
[White "Op den Dries, Johan"]
[Black "Burdalev, Kirill"]
[Result "1/2-1/2"]
[WhiteElo "2104"]
[BlackElo "2381"]
[PlyCount "114"]
[EventDate "2022.07.26"]
[EventType "swiss"]
[EventRounds "9"]
[EventCountry "NED"]
[SourceTitle "CBM 209 Extra"]
[Source "ChessBase"]
[SourceDate "2022.09.30"]
[SourceVersion "1"]
[SourceVersionDate "2022.09.30"]
[SourceQuality "1"]

1. e4 e5 2. Nf3 Nc6 3. Bc4 Bc5 4. b4 Bxb4 5. c3 Be7 6. d4 Na5 7. Nxe5 Nxc4 8. Nxc4 d5 9. exd5 Qxd5 10. Ne3 Qd8 11. 0-0 Nf6 12. Ba3 0-0 13. Bxe7 Qxe7 14. Nd2 Be6 15. Qf3 c6 16. Rfe1 Qa3 17. Nec4 Qa6 18. Nd6 Rad8 19. N2e4 Nxe4 20. Nxe4 Bd5 21. Nc5 Qa3 22. Qg3 b6 23. Ne4 Bxe4 24. Rxe4 Rfe8 25. Re3 g6 26. Rae1 Rxe3 27. Qxe3 Qxa2 28. Qe7 Rf8 29. h4 Qa5 30. Re3 h5 31. Qf6 Qf5 32. Qxc6 Qc8 33. Qb5 Qd8 34. g3 Qd6 35. d5 Kg7 36. c4 Rc8 37. Re8 Rxe8 38. Qxe8 Kf6 39. Kg2 a6 40. f3 a5 41. g4 hxg4 42. fxg4 Qf4 43. Qd8+ Kg7 44. d6 Qxg4+ 45. Kh2 Qf4+ 46. Kg2 Qe4+ 47. Kh2 Qe5+ 48. Kg2 Qe2+ 49. Kg3 Qd3+ 50. Kh2 Qc2+ 51. Kg3 Qc3+ 52. Kg2 Qb2+ 53. Kg3 Qb3+ 54. Kg2 Qb2+ 55. Kg3 Qc3+ 56. Kg2 Qd2+ 57. Kg3 Qe3+ 1/2-1/2

[Event "Dieren op"]
[Site "Dieren"]
[Date "2022.07.30"]
[Round "5"]
[White "Op den Dries, Johan"]
[Black "Kohler, Aran"]
[Result "1-0"]
[WhiteElo "2104"]
[BlackElo "2121"]
[PlyCount "67"]
[EventDate "2022.07.26"]
[EventType "swiss"]
[EventRounds "9"]
[EventCountry "NED"]
[SourceTitle "CBM 209 Extra"]
[Source "ChessBase"]
[SourceDate "2022.09.30"]
[SourceVersion "1"]
[SourceVersionDate "2022.09.30"]
[SourceQuality "1"]

1. d4 d5 2. e3 Nf6 3. Bd3 c5 4. c3 Nc6 5. f4 cxd4 6. exd4 Bg4 7. Nf3 e6 8. 0-0 Bd6 9. Qe1 Bxf3 10. Rxf3 Qc7 11. Be3 Ne4 12. Nd2 f5 13. Qh4 Be7 14. Qh5+ g6 15. Qh3 Nd8 16. Bb5+ Kf7 17. Nxe4 dxe4 18. Rf2 a6 19. Ba4 b5 20. Bb3 h5 21. Rd1 Re8 22. g4 fxg4 23. Qg2 Kg7 24. Qxe4 Qb7 25. d5 Nf7 26. Bc2 exd5 27. Qxg6+ Kf8 28. Bd4 Bh4 29. Bg7+ Ke7 30. Re2+ Kd8 31. Rxe8+ Kxe8 32. Qe6+ Be7 33. Bg6 Rd8 34. Bxf7# 1-0

[Event "Dieren op"]
[Site "Dieren"]
[Date "2022.07.28"]
[Round "3"]
[White "Ochs, Daniel Elias"]
[Black "Op den Dries, Johan"]
[Result "1/2-1/2"]
[WhiteElo "2156"]
[BlackElo "2104"]
[PlyCount "57"]
[EventDate "2022.07.26"]
[EventType "swiss"]
[EventRounds "9"]
[EventCountry "NED"]
[SourceTitle "CBM 209 Extra"]
[Source "ChessBase"]
[SourceDate "2022.09.30"]
[SourceVersion "1"]
[SourceVersionDate "2022.09.30"]
[SourceQuality "1"]

1. d4 d5 2. c4 Nc6 3. Nf3 Bg4 4. Nc3 e6 5. cxd5 exd5 6. Qb3 Bb4 7. Ne5 Bxc3+ 8. bxc3 Nxe5 9. dxe5 Ne7 10. Ba3 Be6 11. Qxb7 0-0 12. e3 Re8 13. Be2 Ng6 14. 0-0 Nxe5 15. Rad1 Rb8 16. Qa6 Qf6 17. f4 Nc4 18. Bxc4 dxc4 19. f5 Bc8 20. Qxf6 gxf6 21. Rf4 Rb5 22. Rg4+ Kh8 23. Be7 Rxf5 24. e4 Rf1+ 25. Rxf1 Bxg4 26. Bxf6+ Kg8 27. Rb1 h6 28. Bd4 Rxe4 29. Bxa7 1/2-1/2

[Event "Dieren op"]
[Site "Dieren"]
[Date "2014.07.24"]
[Round "3"]
[White "Op den Dries, Johan"]
[Black "Heemskerk, Wim"]
[Result "1-0"]
[WhiteElo "2098"]
[BlackElo "2247"]
[PlyCount "83"]
[EventDate "2014.07.22"]
[EventType "swiss"]
[EventRounds "9"]
[EventCountry "NED"]
[SourceTitle "CBM 161 Extra"]
[Source "ChessBase"]
[SourceDate "2014.08.29"]
[SourceVersion "1"]
[SourceVersionDate "2014.08.29"]
[SourceQuality "1"]

1. d4 e6 2. Nc3 Nf6 3. Bg5 Be7 4. Bxf6 Bxf6 5. e4 d6 6. f4 Nd7 7. e5 Be7 8. Qg4 g6 9. Nf3 d5 10. h4 h5 11. Qg3 Nf8 12. 0-0-0 c6 13. Ng5 Qa5 14. Kb1 b5 15. Qf3 Qb6 16. Ne2 b4 17. g4 hxg4 18. Qxg4 a5 19. Ng3 a4 20. b3 c5 21. h5 gxh5 22. Nxh5 Rg8 23. dxc5 Qxc5 24. Nxe6 Bxe6 25. Qxg8 axb3 26. Ng7+ Kd7 27. cxb3 Rc8 28. Rh2 Bg4 29. Rhd2 Bxd1 30. Bh3+ Kd8 31. Bxc8 Bf3 32. Bf5 Qe3 33. Qxf7 Bc5 34. Qe8+ Kc7 35. Qc8+ Kb6 36. Qb8+ Ka5 37. Qa8+ Kb6 38. Qb8+ Ka5 39. Bd3 Bb6 40. Qxf8 Qg1+ 41. Kc2 Qd4 42. Qc8 1-0

[Event "Dieren Reserve-A"]
[Site "Dieren"]
[Date "2013.07.31"]
[Round "8"]
[White "Van Meegen, Ruud"]
[Black "Op den Dries, Johan"]
[Result "0-1"]
[WhiteElo "2012"]
[BlackElo "2079"]
[PlyCount "52"]
[EventDate "2013.07.23"]
[EventType "swiss"]
[EventRounds "9"]
[EventCountry "NED"]
[SourceTitle "EXT 2014"]
[Source "ChessBase"]
[SourceDate "2013.11.20"]
[SourceVersion "1"]
[SourceVersionDate "2013.11.20"]
[SourceQuality "1"]

1. e4 d5 2. exd5 Nf6 3. Be2 Nxd5 4. d4 g6 5. Nf3 Bg7 6. c4 Nb6 7. Nc3 0-0 8. 0-0 Nc6 9. c5 Nd7 10. d5 Nce5 11. Be3 b6 12. Nxe5 Bxe5 13. c6 Nf6 14. Bd4 Qd6 15. g3 Bh3 16. Re1 Bxd4 17. Qxd4 Rad8 18. Rad1 Bc8 19. f4 a6 20. g4 Bxg4 21. Bxg4 Nxg4 22. Ne4 Qxf4 23. Re2 e5 24. Qd3 f5 25. Ng3 e4 26. Qc4 Rd6 0-1

[Event "Dieren Reserve-A"]
[Site "Dieren"]
[Date "2013.07.30"]
[Round "7"]
[White "Op den Dries, Johan"]
[Black "Dijkhuis, Sven"]
[Result "1-0"]
[WhiteElo "2079"]
[BlackElo "1793"]
[PlyCount "91"]
[EventDate "2013.07.23"]
[EventType "swiss"]
[EventRounds "9"]
[EventCountry "NED"]
[SourceTitle "EXT 2014"]
[Source "ChessBase"]
[SourceDate "2013.11.20"]
[SourceVersion "1"]
[SourceVersionDate "2013.11.20"]
[SourceQuality "1"]

1. d4 Nf6 2. Bf4 g6 3. e3 Bg7 4. Be2 0-0 5. h3 c5 6. c3 d5 7. Nd2 Nc6 8. Qb3 c4 9. Qa3 Nd7 10. Ngf3 e5 11. Bh2 e4 12. Ng1 Qg5 13. Bg3 b5 14. Qd6 Ne7 15. h4 Qf6 16. a4 bxa4 17. Rxa4 Nf5 18. Qxf6 Bxf6 19. Nh3 Nb6 20. Ra5 Nxg3 21. fxg3 Bd7 22. Nf4 Bc6 23. 0-0 Be7 24. Rfa1 Rfb8 25. Rxa7 Rxa7 26. Rxa7 Kf8 27. Bd1 g5 28. hxg5 Bxg5 29. b3 Bxf4 30. gxf4 cxb3 31. Bxb3 Bb5 32. g4 Be2 33. g5 Bd3 34. Ra5 Nc4 35. Bxc4 dxc4 36. Ra2 Kg7 37. Kf2 h6 38. Kg3 Rb5 39. gxh6+ Kxh6 40. Ra4 Rb2 41. Nxc4 Rc2 42. Ne5 Rxc3 43. Nxf7+ Kg7 44. Ra7 Kf6 45. Ng5 Bb1 46. Kg4 1-0

[Event "Dieren Reserve-A"]
[Site "Dieren"]
[Date "2013.07.24"]
[Round "2"]
[White "Wubs, Harry"]
[Black "Op den Dries, Johan"]
[Result "0-1"]
[WhiteElo "1926"]
[BlackElo "2079"]
[PlyCount "74"]
[EventDate "2013.07.23"]
[EventType "swiss"]
[EventRounds "9"]
[EventCountry "NED"]
[SourceTitle "EXT 2014"]
[Source "ChessBase"]
[SourceDate "2013.11.20"]
[SourceVersion "1"]
[SourceVersionDate "2013.11.20"]
[SourceQuality "1"]

1. d4 d5 2. c4 Nc6 3. Nc3 dxc4 4. e3 e5 5. d5 Na5 6. Nf3 Bd6 7. Nd2 Nf6 8. Nxc4 Nxc4 9. Bxc4 e4 10. Qc2 Qe7 11. Bb5+ Kf8 12. Bd2 a6 13. Ba4 b5 14. Bb3 Bd7 15. Ne2 Ng4 16. Ng3 f5 17. Bc3 h5 18. 0-0-0 h4 19. Nf1 a5 20. Qd2 b4 21. Bd4 Bb5 22. Bc2 Ne5 23. Bxe5 Bxe5 24. f3 Qf6 25. Bb3 Bd3 26. f4 Bd6 27. Bc2 Bb5 28. Qd4 Qxd4 29. Rxd4 Bc5 30. Rd1 Rd8 31. b3 Rh6 32. g4 Be2 33. g5 Rhd6 34. Re1 Bf3 35. Rg1 Rxd5 36. h3 g6 37. Nh2 Rd2 0-1